Africa's long road since independence : the many histories of a continent

Bibliographic Details
Main Author: Somerville
Format: Book
Published: London : Hurst & Company , 2015
Subjects:

MARC

LEADER 00000cam a2200000 7i4500
001 0000204605
005 20161017.0
020 |a 9781849045155 
090 0 0 |a 960.32   |b SOM 
100 1 |a Somerville 
245 1 0 |a Africa's long road since independence :   |b the many histories of a continent   |c Keith Somerville 
260 |a London :   |b Hurst & Company ,   |c 2015 
300 |a 408p. ;   |c 22cm. 
651 0 |a Africa   |x History   |y 1960- 
999 |a 00330774   |b BUKU   |c PINJAMAN   |e PERPUSTAKAAN KOMUNITI PETALING JAYA